| 000 -LEADER |
| fixed length control field |
01544 a2200241 4500 |
| 003 - CONTROL NUMBER IDENTIFIER |
| control field |
Nust |
| 005 - DATE AND TIME OF LATEST TRANSACTION |
| control field |
20170207154018.0 |
| 010 ## - LIBRARY OF CONGRESS CONTROL NUMBER |
| LC control number |
2005054959 |
| 020 ## - INTERNATIONAL STANDARD BOOK NUMBER |
| International Standard Book Number |
0131474340 (pbk.) |
| 035 ## - SYSTEM CONTROL NUMBER |
| System control number |
(OCoLC)ocm61859928 |
| 040 ## - CATALOGING SOURCE |
| Transcribing agency |
Nust |
| 082 00 - DEWEY DECIMAL CLASSIFICATION NUMBER |
| Classification number |
005.133 |
| 100 1# - MAIN ENTRY--PERSONAL NAME |
| Personal name |
Morelli, R. |
| 245 10 - TITLE STATEMENT |
| Title |
Java, Java, Java :(E-BOOK) |
| Remainder of title |
object-oriented problem solving / |
| Statement of responsibility, etc. |
Ralph Morelli, Ralph Walde. |
| 250 ## - EDITION STATEMENT |
| Edition statement |
3rd ed. |
| 260 ## - PUBLICATION, DISTRIBUTION, ETC. |
| Place of publication, distribution, etc. |
Upper Saddle River, N.J. : |
| Name of publisher, distributor, etc. |
Pearson/Prentice Hall, |
| Date of publication, distribution, etc. |
c2006. |
| 300 ## - PHYSICAL DESCRIPTION |
| Extent |
xvi, 862 p. : |
| Other physical details |
ill. ; |
| Dimensions |
24 cm. |
| 505 ## - FORMATTED CONTENTS NOTE |
| Formatted contents note |
Chapter 0. Computers, Objects, and Java, Chapter 1. Java Program Design and Development, Chapter 2. Objects: Using, Creating, and Defining, Chapter 2. Objects: Using, Creating, and Defining, Chapter 3. Methods: Communicating with Objects, Chapter 4. Input/Output: Designing the User Interface, Chapter 5. Java Data and Operators, Chapter 6. Control Structures, Chapter 7. Strings and String Processing, Chapter 8. Inheritance and Polymorphism, Chapter 9. Arrays and Array Processing, Chapter 10. Exceptions: When Things Go Wrong, Chapter 11. Files and Streams: Input/Output Techniques, Chapter 12. Recursive Problem Solving, Chapter 13. Graphical User Interfaces, Chapter 14. Threads and Concurrent Programming, Chapter 15. Sockets and Networking, Chapter 16. Data Structures: Lists, Stacks, and Queues, |
| 650 #0 - SUBJECT ADDED ENTRY--TOPICAL TERM |
| Topical term or geographic name entry element |
Java (Computer program language) |
| 650 #0 - SUBJECT ADDED ENTRY--TOPICAL TERM |
| Topical term or geographic name entry element |
Object-oriented programming (Computer science) |
| 651 ## - SUBJECT ADDED ENTRY--GEOGRAPHIC NAME |
| Geographic name |
Java, Java, Java :(E-BOOK) |
| 700 1# - ADDED ENTRY--PERSONAL NAME |
| Personal name |
Walde, Ralph. |
| 942 ## - ADDED ENTRY ELEMENTS (KOHA) |
| Source of classification or shelving scheme |
|
| Koha item type |
Book |